Prichádza éra automatizácie potravinárskych skladov
Procesy logistiky a riadenia materiálového toku sa nachádzajú uprostred éry digitálnej renesancie. WES systémy ako riešenie pre skladové procesy a zásobovanie. Výhody WES, opis logistického systému. Reálne skúsenosti firiem s automatizáciou skladov.
Gespeichert in:
| 1. Verfasser: | |
|---|---|
| Format: | Buchkapitel |
| Sprache: | Slowakisch |
| Schlagworte: | |
| Tags: |
Keine Tags, Fügen Sie das erste Tag hinzu!
|
MARC
| LEADER | 00000naa a2200000 4500 | ||
|---|---|---|---|
| 001 | 0268376 | ||
| 005 | 20210616133402.6 | ||
| 041 | 0 | |a slo | |
| 044 | |a CZ | ||
| 245 | 1 | 0 | |a Prichádza éra automatizácie potravinárskych skladov |c Tomáš Szmrecsányi |
| 520 | |a Procesy logistiky a riadenia materiálového toku sa nachádzajú uprostred éry digitálnej renesancie. WES systémy ako riešenie pre skladové procesy a zásobovanie. Výhody WES, opis logistického systému. Reálne skúsenosti firiem s automatizáciou skladov. | ||
| 610 | 2 | 0 | |a logistika |
| 610 | 2 | 0 | |a digitalizácia |
| 610 | 2 | 0 | |a technológie nové |
| 610 | 2 | 0 | |a automatizácia |
| 610 | 2 | 0 | |a potravinárstvo |
| 100 | 1 | |a Szmrecsányi, Tomáš | |